LEADER 00844nam0 2200265 450 001 9910321351403321 005 20200327121403.0 010 $a978-1-138-55652-2 100 $a20190528d2018---- km y0itay50 ba 101 0 $aeng 102 $aUS 105 $a 001yy 200 1 $aGeometric and electronic properties of graphene-related systems$echemical bonding schemes$fNgoc Thanh Thuy Tran ...[et al.] 210 $aBoca Raton (FL)$cCRC Press$d2018 610 0 $aChimica quantistica 610 0 $aNanostrutture 676 $v22 700 1$aTran,$bNgoc Tranh Thuy$0764539 801 0$aIT$bUNINA$gREICAT$2UNIMARC 901 $aBK 912 $a9910321351403321 952 $a13 SC I P 29$b1939 / 2018$fFINBC 959 $aFINBC 996 $aGeometric and electronic properties of graphene-related systems$91552573 997 $aUNINA LEADER 01288nam0 22003011i 450 001 UON00503259 005 20231205105424.235 010 $a84-7468-110-3 100 $a20200306d1985 |0itac50 ba 101 $aspa 102 $aES 105 $a|||| ||||| 200 1 $aGramatica historica provenzal$fJose Ramon Fernandez Gonzalez$gprologo de A. Galmes de Fuentes 210 $aOviedo$cUniversidad de Oviedo-Servicio de publicaciones$d1985 215 $a556 p.$cill.$d24 cm. 316 $aDono Prof. Alberto Varvaro.$5IT-UONSI F. Varvaro4233 606 $aLINGUA PROVENZALE$xGrammatica$3UONC070122$2FI 620 $aES$dOviedo$3UONL002232 676 $a449.5$cLingua provenzale. Sistema strutturale (Grammatica)$v21 700 1$aFERNANDEZ GONZALEZ$bJose Ramon$3UONV244802$0387101 702 1$aGALMES DE FUENTES$bAlvaro$3UONV028478 712 $aUniversidad de Oviedo$3UONV258920$4650 801 $aIT$bSOL$c20240220$gRICA 899 $aSIBA - SISTEMA BIBLIOTECARIO DI ATENEO$2UONSI 912 $aUON00503259 950 $aSIBA - SISTEMA BIBLIOTECARIO DI ATENEO$dSI F. Varvaro4233 $eSI 35463 7 Dono Prof. Alberto Varvaro. 996 $aGramatica historica provenzal$9179506 997 $aUNIOR LEADER 01516nlm 2200265Ia 450 001 996674282503316 005 20250911093021.0 100 $a19840718d1650---- uy | 101 0 $aeng 135 $adrcnu 200 1 $a<> sermon preached afore Thomas Andrews Lord Maior and the aldermen, sheriffs &c. of the honorable corporation of the citie of London$ein which discourse is held forth I. The order, method, and succession of times and things both good and evil ... as an explanation of his former sermon before the said honorable assembly upon Octob. 8, 1650. 2. A touch upon the two witnesses. 3. An iconism or picture of the present apostacie in England. 4. A systeme of symptomes of them that will have the spiritual falling - sickness to depart from the faith$fby Nathanael Homes 210 1 $aLondon$cPrinted by T.R. and J.C.$d1650 215 $aTesto elettronico (PDF) ([2], 28 p.) 230 $aBase dati testuale 300 $aLasciato come testimonianza e protesta dell'autore contro i mali dell'epoca presente. 300 $aRiproduzione dell'originale presso la Union Theological Seminary Library, New York. 606 0 $aSermoni$yGran Bretagna$zSec. 17.$2BNCF 676 $a274.1 700 1$aHOMES,$bNathanael$f1599-1678.$01001294 801 0$aIT$bcba$cREICAT 912 $a996674282503316 959 $aEB 969 $aER 996 $aSermon preached afore Thomas Andrews Lord Maior and the aldermen, sheriffs &c. of the honorable corporation of the citie of London$94432263 997 $aUNISA